000 00485nam a2200217Ia 4500
008 210210b1955 xxu||||| |||| 00| 0 eng d
041 _aeng
082 _a423/17
100 _aHORNBY
245 _aAdvanced learners dictionary of current English
260 _a-
_b-
_c1955
650 _aof
650 _alearners
650 _aEnglish
650 _adictionary
650 _acurrent
650 _aAdvanced
690 _aDictionaries
700 _aOthers
906 _a005768
999 _c128769
_d128769